01263cam a22002771 4500001001300000003000400013005001700017008004100034010001700075035002000092040007000112042001200182043001200194050001400206051002300220110006200243245001200305260009200317300002300409500007600432501031500508610006200823650004200885710004100927999001700968hew64000072 DLC20260227111513.0851003s1963 dcu f000 0 eng c ahew64000072  a(OCoLC)12629616 aU.S. Dept. of Health, Education, and Welfare. LibrarycDNIEdDLC apremarc an-us---00aL112b.A4 aL111b.A72 no. 7371 aUnited States.bAdvisory Panel on Educational Statistics.10aReport. a[Washington]bU.S. Dept. of Health, Education, and Welfare, Office of Education,c1963. avii, 22 p.c27 cm. aIssued, by error, as U.S. Office of Education. Circular 737, OE-20061. aL111.A72 with: Preliminary report on teaching faculty in higher education, 1962-63 : primary teaching areas and contract salaries / by Ralph E. Dunham and Patricia S. Wright. [Washington] : U.S. Dept. of Health, Education, and Welfare, Office of Education, 1964. Bound together subsequent to publication.5DLC10aUnited States.bOffice of EducationxStatistical program. 0aEducationzUnited StatesvStatistics.1 aUnited States.bOffice of Education. c34483d34483